| 000 | 01448nam0a22003611 4500 | ||
|---|---|---|---|
| 001 | rc\3812398 | ||
| 005 | 20120329115820.7 | ||
| 021 |
_aRU _b[76-76650] |
||
| 035 | _a(NLR Aleph) 007265665 | ||
| 090 |
_a5354910 _c5354910 |
||
| 100 | _a20120329d1976 |||y0rusy50 ca | ||
| 101 | 1 |
_arus _ceng |
|
| 102 | _aRU | ||
| 105 | _aa z ||||| | ||
| 200 | 1 |
_aЖаропрочные сплавы _fР.У. Фоулей, Р.Ф. Дэкер, Ч.Т. Симс _gРед.] Ч. Симс, В. Хагель _gПер. с англ. под ред. чл.-кор. АН СССР Е.М. Савицкого |
|
| 210 |
_aМосква _cМеталлургия _d1976 |
||
| 215 |
_a567 с. _cил. _d22 |
||
| 311 | _aПеревод изд.: The superalloys / Ed. by Chester T. Sims, Wolliam C. Hagel (New York a. o.) | ||
| 320 | _aСписок лит.: с. 538-564 | ||
| 320 | _aУказ. предм. и сплавов: с. 565-567 | ||
| 454 | 0 |
_12001#$aThe superalloys$fEd. by Chester T. Sims, Wolliam C. Hagel _1210##$aNew York a. o. |
|
| 606 |
_aЖаропрочные сплавы _2psbo |
||
| 701 | 1 |
_aФоулей _bР. У. |
|
| 701 | 1 |
_aДэкер _bР. Ф. |
|
| 701 | 1 |
_aСимс _bЧ. Т. |
|
| 702 | 1 |
_aСавицкий _bЕ. М. _gЕвгений Михайлович _4730 _4340 |
|
| 702 | 1 |
_aСимс _bЧ. _4340 |
|
| 702 | 1 |
_aХагель _bВ. _4340 |
|
| 801 | 0 |
_aRU _bNLR _gpsbo |
|
| 801 | 1 |
_aRU _bELAR _2rusmarc |
|
| 852 |
_aNLR _j77-3/1979 |
||
| 942 | _cBOOK | ||
| 980 | _aNB | ||